| 000 | 00707cam a22002413a 4500 | ||
|---|---|---|---|
| 001 | 23759 | ||
| 003 | PGUSA | ||
| 005 | 20140828083515.0 | ||
| 008 | 071207s2007||||xxu|||||s|||||000 | eng d | ||
| 040 |
_aPGUSA _beng |
||
| 042 | _adc | ||
| 050 | 4 | _aPT | |
| 100 | 1 | _aMontijn-de Fouw, Nelly | |
| 245 | 1 | 0 |
_aSagen van Koning Arthur en de Ridders van de Tafelronde _h[electronic resource] / _cNelly Montijn-de Fouw |
| 260 |
_bProject Gutenberg, _c2007 |
||
| 506 | _aPublic domain in the USA. | ||
| 516 | _aElectronic text | ||
| 653 | _aArthurian romances | ||
| 700 | 1 |
_aRackham, Arthur, _d1867-1939 |
|
| 830 | 0 |
_aProject Gutenberg _v23759 |
|
| 856 | 4 | 0 | _uhttp://www.gutenberg.org/ebooks/23759 |
| 942 | _cEB | ||
| 999 |
_c253014 _d253014 |
||